Solutions manual to accompany James T. McClave and Frank H. Dietrich II's statistics (Record no. 57906)

MARC details
000 -LEADER
fixed length control field 00633nam a2200169 a 4500
008 - FIXED-LENGTH DATA ELEMENTS--GENERAL INFORMATION
fixed length control field 120416s1985 ||||||||||||||||| || u
020 ## - INTERNATIONAL STANDARD BOOK NUMBER
International Standard Book Number 0023788305
050 ## - LIBRARY OF CONGRESS CALL NUMBER
Classification number HA 35.15 Sol
100 ## - MAIN ENTRY--PERSONAL NAME
Personal name McClave, James T
245 10 - TITLE STATEMENT
Title Solutions manual to accompany James T. McClave and Frank H. Dietrich II's statistics
250 ## - EDITION STATEMENT
Edition statement 3rd ed.
260 ## - PUBLICATION, DISTRIBUTION, ETC.
Place of publication, distribution, etc. San Francisco, [Cal.]
Name of publisher, distributor, etc. Dellen Publishing
Date of publication, distribution, etc. 1985
300 ## - PHYSICAL DESCRIPTION
Extent v, 264p. : ill.
350 ## - PRICE (NR) (BK AM CF MU VM SE) [OBSOLETE]
Price 0.00
700 ## - ADDED ENTRY--PERSONAL NAME
Personal name Dietrich, Frank H
995 ## - RECOMMENDATION 995 [LOCAL, UNIMARC FRANCE]
-- 0.00
-- CBU-MAIN LIBRARY (Kitwe)
-- 1
-- 13.00
-- AVAILABLE
-- Main Library Open Access Collection
Holdings
Withdrawn status Lost status Source of classification or shelving scheme Damaged status Not for loan Home library Current library Shelving location Date acquired Total Checkouts Full call number Barcode Date last seen Price effective from Koha item type
          CBU-MAIN LIBRARY, KITWE. CBU-MAIN LIBRARY, KITWE.   11/30/2022   HA 35.15 Sol 001512 11/30/2022 11/30/2022 MONOGRAPH